000 00925cab a2200229 4500
001 ABS42751
008 090401t1990 xxu||||| |||| 00| 0 eng d
035 _a(Sirsi) u38707
041 _aeng
100 _aChevin, D.
245 _aStraining at the lease
260 _c1990
350 _a0
490 _aBuilding
_v255(7645) 27 April 1990, 66-67(2)
520 _aMany buildings designed today are less than "user-friendly", and tenants of offices are often faced with a number of faults when they take up occupation. This article emphasises the need for facilities managers to be included in the design stage of buildings, and gives advice to tenants experiencing difficulties with the buildings they lease.
650 _aBUILT ENVIRONMENT-CONSTRUCTION DESIGN
650 _aFACILITIES MANAGEMENT
_96240
690 _aOFFICE SERVICES AND ADMINISTRATION
700 _aDyer, M.
942 _n0
948 _c04/03/1997
999 _c24862
_d24862